|
|
|
|
| LEADER |
02084nam a22004695i 4500 |
| 001 |
978-3-540-33351-7 |
| 003 |
DE-He213 |
| 005 |
20151204145115.0 |
| 007 |
cr nn 008mamaa |
| 008 |
100806s2006 gw | s |||| 0|eng d |
| 020 |
|
|
|a 9783540333517
|9 978-3-540-33351-7
|
| 024 |
7 |
|
|a 10.1007/11514725
|2 doi
|
| 040 |
|
|
|d GrThAP
|
| 050 |
|
4 |
|a QD415-436
|
| 072 |
|
7 |
|a PNN
|2 bicssc
|
| 072 |
|
7 |
|a SCI013040
|2 bisacsh
|
| 082 |
0 |
4 |
|a 547
|2 23
|
| 245 |
1 |
0 |
|a Bioactive Heterocycles I
|h [electronic resource] /
|c edited by Shoji Eguchi.
|
| 264 |
|
1 |
|a Berlin, Heidelberg :
|b Springer Berlin Heidelberg,
|c 2006.
|
| 300 |
|
|
|a XIV, 220 p.
|b online resource.
|
| 336 |
|
|
|a text
|b txt
|2 rdacontent
|
| 337 |
|
|
|a computer
|b c
|2 rdamedia
|
| 338 |
|
|
|a online resource
|b cr
|2 rdacarrier
|
| 347 |
|
|
|a text file
|b PDF
|2 rda
|
| 490 |
1 |
|
|a Topics in Heterocyclic Chemistry,
|x 1861-9282 ;
|v 6
|
| 505 |
0 |
|
|a M. Ohno, S. Eguchi: Directed Synthesis of Biologically Interesting Heterocycles with Squaric Acid (3,4-Dihydroxy-3-cyclobutene-1,2-dione) Based Technology -- H. Nishino: Manganese(III)-Based Peroxidation of Alkenes to Heterocycles -- M. Somei: A Frontier in Indole Chemistry: 1-Hydroxyindoles, 1-Hydroxytryptamines, and 1-Hydroxytryptophans.-S. Eguchi: Quinazoline Alkaloids and Related Chemistry -- M. Kita, D. Uemura: Bioactive Heterocyclic Alkaloids of Marine Origin -- H. Kiyota: Synthetic Studies on Heterocyclic Antibiotics Containing Nitrogen Atoms.
|
| 650 |
|
0 |
|a Chemistry.
|
| 650 |
|
0 |
|a Organic chemistry.
|
| 650 |
|
0 |
|a Medicinal chemistry.
|
| 650 |
|
0 |
|a Biochemistry.
|
| 650 |
1 |
4 |
|a Chemistry.
|
| 650 |
2 |
4 |
|a Organic Chemistry.
|
| 650 |
2 |
4 |
|a Biochemistry, general.
|
| 650 |
2 |
4 |
|a Medicinal Chemistry.
|
| 700 |
1 |
|
|a Eguchi, Shoji.
|e editor.
|
| 710 |
2 |
|
|a SpringerLink (Online service)
|
| 773 |
0 |
|
|t Springer eBooks
|
| 776 |
0 |
8 |
|i Printed edition:
|z 9783540333500
|
| 830 |
|
0 |
|a Topics in Heterocyclic Chemistry,
|x 1861-9282 ;
|v 6
|
| 856 |
4 |
0 |
|u http://dx.doi.org/10.1007/11514725
|z Full Text via HEAL-Link
|
| 912 |
|
|
|a ZDB-2-CMS
|
| 950 |
|
|
|a Chemistry and Materials Science (Springer-11644)
|